Astronomía en la América Latina /

שמור ב:
מידע ביבליוגרפי
מחבר ראשי: Aveni, Anthony F. (comp.)
פורמט: ספר
שפה:ספרדית
יצא לאור: México : Siglo XXI, 1980, c1980
סדרה:(América Nuestra ; América Antigua) 25.
נושאים:
תגים: הוספת תג
אין תגיות, היה/י הראשונ/ה לתייג את הרשומה!

MARC

LEADER 00000nam^a2200000^a^4500
001 000166589
005 20250521000000.0
009 20260310101056.492
020 |a 968-23-0556-X 
037 |a Acervo ITESO - Biblioteca 
041 |a ESP 
082 |a 520. 98001  |b AVE 
100 |a Aveni, Anthony F.  |e (comp.) 
245 1 0 |a Astronomía en la América Latina /  |c Comp. de A.F. Aveni ; tr. por Luis Felipe Rodríguez Jorge. 
264 4 |a México :  |b Siglo XXI,  |c 1980, c1980 
300 |a 325 p. 
336 |a texto  |b txt  |2 rdacontenido 
337 |a sin mediación  |b n  |2 rdamedio 
338 |a volumen  |b nc  |2 rdasoporte 
440 1 |a (América Nuestra ;  |v 25.  |p América Antigua) 
500 |a Traducción de: Native American Astronomy 
649 |a XX 
650 |a Indígenas -  |x Historia 
650 |a Códices Prehispánicos -  |z México -  |x Historia y Crítica 
650 |a Calendarios -  |z México -  |x Historia -  |y Epoca Prehispánica 
650 |a Medicina Popular -  |z América -  |x Historia -  |y Epoca Prehispánica 
650 |a Astronomía -  |z América -  |x Historia -  |y Epoca Prehispánica 
650 |a América -  |x Historia -  |y Epoca Prehispánica 
910 |a Fondo General 
920 |a Impresos - Libros 
930 |a Colección General 
905 |a 101 
901 |a 0500101794  |b IT1  |c ACC  |u 20250521 
902 |a https://opac.biblio.iteso.mx/vufind/Record/000166589